Smith v Peter North & Partners (Record no. 70598)
[ view plain ]
| 000 -LEADER | |
|---|---|
| fixed length control field | 01411cam a2200253 4500 |
| 001 - CONTROL NUMBER | |
| control field | ABS65658 |
| 008 - FIXED-LENGTH DATA ELEMENTS--GENERAL INFORMATION | |
| fixed length control field | 020627n2002 000 0 eng u |
| 035 ## - SYSTEM CONTROL NUMBER | |
| System control number | (Sirsi) u118554 |
| 245 ## - TITLE STATEMENT | |
| Title | Smith v Peter North & Partners |
| 260 ## - PUBLICATION, DISTRIBUTION, ETC. | |
| Date of publication, distribution, etc. | 2002 |
| 490 ## - SERIES STATEMENT | |
| Series statement | Property, Planning and Compensation Reports |
| Volume/sequential designation | [2002] 1 P&CR 480-492(7) |
| 520 ## - SUMMARY, ETC. | |
| Summary, etc. | CA 8 October 2001. The appellants (S) had retained the respondent (P) to carry out a survey of a property which they were interested in buying. The report stated clearly that the property was in a poor state of repair. S purchased the property, allegedly in reliance on S's report, for £330 000. Subsequently it was discovered that repairs were needed at a cost of some £130 000. S issued proceedings for negligence. S sought damages in 2000 claiming that P had failed to advise them of the actual structural condition of the property. HH Judge Seymour made summary judgment that the appropriate measure of damages that could be awarded to S was the diminution in value and not the cost of repairs of £130 000. "Held" the appeal was dismissed. |
| 590 ## - LOCAL NOTE (RLIN) | |
| Local note | ABS |
| 650 ## - SUBJECT ADDED ENTRY--TOPICAL TERM | |
| Topical term or geographic name entry element | SMITH V PETER NORTH & PARTNERS |
| 650 ## - SUBJECT ADDED ENTRY--TOPICAL TERM | |
| Topical term or geographic name entry element | REAL PROPERTY |
| 650 ## - SUBJECT ADDED ENTRY--TOPICAL TERM | |
| Topical term or geographic name entry element | NEGLIGENCE |
| 650 ## - SUBJECT ADDED ENTRY--TOPICAL TERM | |
| Topical term or geographic name entry element | COST |
| 650 ## - SUBJECT ADDED ENTRY--TOPICAL TERM | |
| Topical term or geographic name entry element | REPAIRS |
| 650 ## - SUBJECT ADDED ENTRY--TOPICAL TERM | |
| Topical term or geographic name entry element | DIMINUTION IN VALUE |
| 650 ## - SUBJECT ADDED ENTRY--TOPICAL TERM | |
| Topical term or geographic name entry element | MEASURE OF DAMAGES |
| 650 ## - SUBJECT ADDED ENTRY--TOPICAL TERM | |
| Topical term or geographic name entry element | REPAIRS |
| 690 ## - LOCAL SUBJECT ADDED ENTRY--TOPICAL TERM (OCLC, RLIN) | |
| Topical term or geographic name as entry element | PROPERTY AND LAND LAW-CASE LAW |
| 942 ## - ADDED ENTRY ELEMENTS (KOHA) | |
| Suppress in OPAC | 0 |
| Withdrawn status | Lost status | Source of classification or shelving scheme | Damaged status | Not for loan | Home library | Current library | Shelving location | Date acquired | Total Checkouts | Full call number | Barcode | Date last seen | Copy number | Price effective from | Koha item type |
|---|---|---|---|---|---|---|---|---|---|---|---|---|---|---|---|
| Dewey Decimal Classification | London | London | Journal article | 27/06/2002 | ABS65658 | 118554-1001 | 06/08/2019 | 1 | 06/08/2019 | Law report |